Vplyv menových politík centrálnych bánk na finančné trhy a výkonnosť ekonomík

Benchmark vývoja globálnej ekonomiky a eurozóny. Euro a exportná výkonnosť eurozóny. Deflačné tlaky a konkurenčná devalvácia. Transmisný kanál menovej politiky.

Na minha lista:
Detalhes bibliográficos
Autor principal: Bikár, Miloš, 1973-
Formato: Capítulo de Livro
Idioma:eslovaco
Assuntos:
Tags: Adicionar Tag
Sem tags, seja o primeiro a adicionar uma tag!

MARC

LEADER 00000naa$a2200000$$$4500
001 0204471
005 20240502073420.3
041 0 |a slo 
044 |a SK 
245 1 0 |a Vplyv menových politík centrálnych bánk na finančné trhy a výkonnosť ekonomík  |c Miloš Bikár 
520 |a Benchmark vývoja globálnej ekonomiky a eurozóny. Euro a exportná výkonnosť eurozóny. Deflačné tlaky a konkurenčná devalvácia. Transmisný kanál menovej politiky. 
610 2 0 |a politika menová 
610 2 0 |a euro 
610 2 0 |a eurozóna 
610 2 0 |a výkonnosť ekonomiky 
610 2 0 |a produkt domáci hrubý 
610 2 0 |a dlhy verejné 
610 2 0 |a deflácia 
610 2 0 |a devalvácia 
610 2 0 |a banky centrálne 
610 2 0 |a trh finančný 
100 1 |a Bikár, Miloš, 1973-